Rughu Vansh (Record no. 541636)

MARC details
000 -LEADER
fixed length control field 00299nam a2200133Ia 4500
008 - FIXED-LENGTH DATA ELEMENTS--GENERAL INFORMATION
fixed length control field 100328s9999 xx 000 0 und d
082 ## - DEWEY DECIMAL CLASSIFICATION NUMBER
Item number 54933
100 ## - MAIN ENTRY--PERSONAL NAME
Personal name Nath Suresh
245 ## - TITLE STATEMENT
Title Rughu Vansh
260 ## - PUBLICATION, DISTRIBUTION, ETC. (IMPRINT)
Name of publisher, distributor, etc S.Chand & Company
630 ## - SUBJECT ADDED ENTRY--UNIFORM TITLE
Uniform title Rughu Vansh
730 ## - ADDED ENTRY--UNIFORM TITLE
Uniform title Rughu Vansh
942 ## - ADDED ENTRY ELEMENTS (KOHA)
Koha item type Book
Holdings
Withdrawn status Lost status Damaged status Not for loan Home library Current library Date acquired Total Checkouts Barcode Date last seen Price effective from Koha item type
        Rantagiri (Dist.) Nagar Vachanalaya Rantagiri (Dist.) Nagar Vachanalaya 03/28/2010   RNV-54933 03/28/2010 03/28/2010 Book